[Event "Dortmund Sparkassen op-B"]
[Site "Dortmund"]
[Date "2010.07.24"]
[Round "8"]
[White "Sekulla, Markus"]
[Black "Schulz Rackoll, Rolf"]
[Result "1/2-1/2"]
[WhiteElo "1331"]
[BlackElo "1841"]
[PlyCount "35"]
[EventDate "2010.07.17"]
[EventType "swiss"]
[EventRounds "9"]
[EventCountry "GER"]
[SourceTitle "EXT 2014"]
[Source "ChessBase"]
[SourceDate "2013.11.20"]
[SourceVersion "1"]
[SourceVersionDate "2013.11.20"]
[SourceQuality "1"]

1. e4 c5 2. Nf3 d6 3. d4 cxd4 4. Nxd4 Nf6 5. Nc3 a6 6. f4 e5 7. Nf3 Qc7 8. a3 Be7 9. f5 h6 10. Bd3 b5 11. g4 Bb7 12. g5 hxg5 13. Bxg5 Nbd7 14. Rg1 Qc5 15. Qe2 Nb6 16. 0-0-0 Qc7 17. Qf2 Nc4 18. Bd2 1/2-1/2

[Event "Dortmund Sparkassen op-B"]
[Site "Dortmund"]
[Date "2010.07.19"]
[Round "3"]
[White "Ziemek, Gerhard"]
[Black "Sekulla, Markus"]
[Result "0-1"]
[WhiteElo "1727"]
[BlackElo "1331"]
[PlyCount "90"]
[EventDate "2010.07.17"]
[EventType "swiss"]
[EventRounds "9"]
[EventCountry "GER"]
[SourceTitle "EXT 2014"]
[Source "ChessBase"]
[SourceDate "2013.11.20"]
[SourceVersion "1"]
[SourceVersionDate "2013.11.20"]
[SourceQuality "1"]

1. d4 d5 2. Nc3 e6 3. e4 b6 4. Bd3 Bb7 5. e5 c5 6. Nf3 Nc6 7. Be3 cxd4 8. Bxd4 Nxd4 9. Nxd4 a6 10. Qg4 Qc7 11. f4 g6 12. 0-0 Nh6 13. Qh3 Bg7 14. Nxe6 fxe6 15. Qxe6+ Qe7 16. Qxb6 0-0 17. Rae1 Rac8 18. Bxa6 Bxa6 19. Qxa6 d4 20. Ne4 Rxc2 21. Qd3 Rxb2 22. Qxd4 Rb4 23. Qd5+ Kh8 24. Qd2 Rd8 25. Nd6 Rb6 26. Qd5 Bf8 27. Qa5 Qc7 28. Rc1 Qb8 29. Ne4 Nf5 30. Ng5 Kg7 31. Qc3 Bb4 32. Qc4 Rd7 33. Rf3 Qa7 34. Ne6+ Rxe6+ 35. Kh1 Rb6 36. h3 Ba3 37. Rcc3 Bb4 38. Rc1 Ba3 39. Rcf1 Rb2 40. e6 Rc7 41. Qe4 Rcc2 42. Qe5+ Kg8 43. Rd3 Be7 44. Rd7 Ng3+ 45. Kh2 Rxg2# 0-1